000 00503nam a2200169Ia 4500
008 230917s9999||||xx |||||||||||||| ||und||
020 _cRS950
040 _e256221
_aMAIN
041 _aEnglish
082 _a658.3 P275S
100 _aPatra, Ramakanta K
245 0 _aStrategic human resource management and organisational development
260 _aMumbai
_bHimalaya Publishing House
_c2011
300 _a394 p.
500 _a3501 15/07/2019 RK19/842 16/07/2019 IMSAR (Dev. & Research)
942 _cBK
999 _c31598
_d31598